00713 2200241 4500001002100000005001500021020002200036035002400058040001200082082001800094084001800112090001800130100003400148245009300182260002700275300004900302500002700351650002700378700001500405990001700420990001700437990001700454YOGYA00000000010674020140823134829 a978-979-29-3384-0 0010-061400000000093 aYOPDYOG 2[22]a006.696 a006.696 And C a006.696 And C aANDI TARU NUGROHO NUR WISMONO aCara mudah membuat game di androidc/ Andi Taru Nugroho Nur Wismono ; editor, Hernita P. aYogyakartabAndic2012 aix, 209 hlm.b: ilus.c; 23 cm + CD (3 eks.) aBibliografi : hlm. 209 aPemrograman (komputer) aHernita P. a7729/PD.2014 a7730/PD.2014 a7731/PD.2014